banner-ar

الامية الالكترونية بالوطن العربى وكيفية علاجها / (Record no. 59917)

MARC details
000 -الفاتح
حقل البيانات ثابتة الطول 00930nam a22002417a 4500
005 - وقت وتاريخ اخر تعامل مع التسجيلة
رقم الضبط 20240530110343.0
008 - عناصر البيانات ثابتة الطول - معلومات عامة
حقل البيانات ثابتة الطول 141120s2012 ua g 000 0 ara d
017 ## - رقم الايداع القانونى
رقم الايداع القانونى 10243/2011
المصدر ( الهيئة المختصة) مصر . دار الكتب المصرية
020 ## - الرقم الدولى المعيارى للكتب
الرقم الدولى المعيارى للكتاب 9789773288697
040 ## - مصدر الفهرسة
وكالة الفهرسة الأصلية EG-CaGPL
041 0# - رمز اللغة
رمز لغة النص/ المسارات الصوتية أو العنوان الانفرادي ara
082 04 - رقم تصنيف ديوى العشرى
رقم الطبعة 21
رقم التصنيف 379.24\
رقم المادة ر أ
100 0# - المدخل الرئيسى - إسم شخصى
الإسم الشخصى رضا عبدالبديع السيد عطية
245 12 - بيان العنوان
العنوان الامية الالكترونية بالوطن العربى وكيفية علاجها /
بيان المسئوليه,etc اعداد رضا عبدالبديع السيد عطية
250 ## - بيان الطبعة
بيان الطبعة ط 1
260 ## - PUBLICATION, DISTRIBUTION, ETC. (IMPRINT)
تاريخ النشر أو التوزيع 2012
300 ## - الوصف المادى
التعداد 228 ص ؛
أبعاد الوعاء 24 سم
650 04 - المدخل الاضافى بالموضوع-مصطلح موضوعى
مصطلح موضوعي الامية
التقسيم الفرعي العام العالم العربى
653 ## - مصطلح تكشيفى غير مقيد
مصطلح غير مقيد الامية الالكترونية
653 ## - مصطلح تكشيفى غير مقيد
مصطلح غير مقيد محو الامية الالكترونية
942 ## - عناصر المدخل الإضافي( كوها)
مصدر التصنيف او مخطط الترفيف Dewey Decimal Classification
Koha [default] item type كتاب
260 ## - PUBLICATION, DISTRIBUTION, ETC. (IMPRINT)
-- الاسكندرية :
-- دار الجامعة الجديدة ،
Holdings
حالة التراجع حالة الفقد حالة تلف ليس للاعارة المكان المؤقت الموقع الحالى تاريخ الاكتساب اجمالي اﻻعارات رقم الطلب الباركود تاريخ اخر مشاهدة تاريخ تفعيل السعر نوع وعاء كوها
        مكتبة القاهرة الكبرى مكتبة القاهرة الكبرى 11/20/2014   379.24\ ر أ 158879 11/20/2014 11/20/2014 كتاب

Powered By

EGPV